000 01643nam a2200337 a 4500
001 ebr10630561
003 CaPaEBR
006 m u
007 cr cn|||||||||
008 110527s2012 enkad sb 001 0 eng d
010 _z 2011022675
020 _z9780470654897 (cloth)
020 _z9781119959656 (e-book)
040 _aCaPaEBR
_cCaPaEBR
035 _a(OCoLC)778957073
050 1 4 _aRM169
_b.M53 2012eb
082 0 4 _a615.1/9
_223
245 0 0 _aMicroneedle-mediated transdermal and intradermal drug delivery
_h[electronic resource] /
_cRyan F. Donnelly ... [et al.].
260 _aChichester, West Sussex :
_bWiley-Blackwell,
_c2012.
300 _axiv, 196 p. :
_bill.
504 _aIncludes bibliographical references and index.
505 0 _aTransdermal drug delivery -- Microneedles : design, microfabrication and optimization -- Microneedle applicator designs for transdermal drug delivery applications -- Transdermal delivery applications -- Microneedle-mediated intradermal delivery -- Clinical application and safety studies of microneedles -- Microneedles : current status and future perspectives.
533 _aElectronic reproduction.
_bPalo Alto, Calif. :
_cebrary,
_d2011.
_nAvailable via World Wide Web.
_nAccess may be limited to ebrary affiliated libraries.
650 0 _aMicroinjections.
650 0 _aTransdermal medication.
650 0 _aDrug delivery systems.
655 7 _aElectronic books.
_2local
700 1 _aDonnelly, Ryan F.
710 2 _aebrary, Inc.
856 4 0 _uhttp://site.ebrary.com/lib/rucke/Doc?id=10630561
_zAn electronic book accessible through the World Wide Web; click to view
999 _c71505
_d71505